The Last Countries Settled on Earth - Statistics

General Stats
  • This quiz has been taken 200 times
    69 since last reset
  • The average score is 18 of 23
Answer Stats
Approx Date Answer % Correct
1280–1350 CE New Zealand
95%
1553 CE Seychelles
87%
1500 BCE Fiji
86%
870 - 930 CE Iceland
86%
1000 BCE Samoa
86%
1000 BCE Tonga
86%
900–1200 CE Tuvalu
86%
1456 CE Cape Verde
83%
400 - 500 CE Comoros
83%
1000 BCE–200 BCE Kiribati
83%
30 BCE–50 CE Marshall Islands
83%
975 CE Mauritius
83%
2000 BCE Solomon Islands
83%
1000 BCE Palau
81%
1300 BCE Vanuatu
81%
1469 CE Sao Tome & Principe
78%
500 BCE Maldives
76%
350 BCE - 550 CE Madagascar
75%
2000 BCE Federated States of Micronesia
73%
600 CE Jamaica
68%
500 - 800 CE Bahamas
67%
500 BCE–500 CE Barbados
65%
200 - 400 CE St. Lucia
60%
No matching quizzes found
Score Distribution
Percent of People with Each Score
Percentile by Number Answered
Your Score History
You have not taken this quiz since the last reset